| 000 | 00375nam a2200145Ia 4500 | ||
|---|---|---|---|
| 008 | 231217s9999 xx 000 0 und d | ||
| 041 | _aEnglish | ||
| 082 | _a621.38481 OPP;3 | ||
| 100 | _aOppenheim, Alan V. Schafer, Ronald W. ed. | ||
| 245 | 0 | _aDiscrete time signal processing | |
| 260 |
_c1989 _bPHI |
||
| 300 | _axv+879 | ||
| 650 | _aSignal processing | ||
| 942 | _cAA | ||
| 999 |
_c164655 _d164655 |
||